LEADER 01234nam1 2200373 450 001 990003024150203316 005 20071128190919.0 035 $a000302415 035 $aUSA01000302415 035 $a(ALEPH)000302415USA01 035 $a000302415 100 $a20071128d2006----km-y0itay50------ba 101 $aita 102 $aIT 105 $aaf--||||001yy 200 1 $aMario Cavaglieri$e(1887-1969)$ecatalogo ragionato dei dipinti$fViviane Vareilles 210 $aTorino [etc.]$cU. Allemandi$dcopyr. 2006- 215 $av.$cill.$d34 cm 225 2 $aArchivi dell'Ottocento e del primo Novecento 410 0$12001$aArchivi dell'Ottocento e del primo Novecento 463 \1$1001990003023730203316$12001 $a<> <> vita e le opere 463 \1$1001990003023780203316$12001 $a<> Catalogo delle opere 600 1$aCavaglieri,$bMario$xEsposizioni$zSec. 20. 676 $a759.5 700 1$aVAREILLES,$bViviane$0599463 801 0$aIT$bsalbc$gISBD 912 $a990003024150203316 951 $aXII.2.C.$bL.M.$cXII.2. 959 $aBK 969 $aUMA 979 $aPAOLA$b90$c20071128$lUSA01$h1905 979 $aPAOLA$b90$c20071128$lUSA01$h1909 996 $aMario Cavaglieri$91025468 997 $aUNISA LEADER 01865nam2 2200361 i 450 001 SUN0005315 005 20150528022227.506 010 $a88-08-11732-4 020 $aIT$b94 181 100 $a20020808d1992 |0itac50 ba 101 $aita 102 $aIT 105 $a|||| ||||| 200 1 $aDelle disposizioni condizionali, a termine e modali$eart. 633-648$fLycia Gardani Contursi-Lisi 205 $aBologna : Zanichelli$gRoma : Soc. ed. del foro italiano, 1992 210 $aXVI$d336 p. ; 25 cm 215 $aVolume presente anche nel fondo Tribunale. 461 1$1001SUN0001600$12001 $aˆLibro secondo: ‰Delle successioni. 606 $aDisposizioni testamentarie$2FI$3SUNC003257 620 $dBologna$3SUNL000003 676 $a346.45054$v21 702 1$aGardani Contursi Lisi$b, Lycia$3SUNV004752 712 $aZanichelli$3SUNV004332$4650 801 $aIT$bSOL$c20181109$gRICA 912 $aSUN0005315 950 $aUFFICIO DI BIBLIOTECA DEL DIPARTIMENTO DI GIURISPRUDENZA$d00 CONS XV.D.14 633-648 $e00 4266 950 $aUFFICIO DI BIBLIOTECA DEL DIPARTIMENTO DI GIURISPRUDENZA$d00 CONS XV.D.14 633-648 bis $e00 FT 35543 950 $aUFFICIO DI BIBLIOTECA DEL DIPARTIMENTO DI GIURISPRUDENZA$d00 AFFID studio venditti $e00 FTN8273 995 $aUFFICIO DI BIBLIOTECA DEL DIPARTIMENTO DI GIURISPRUDENZA$h4266$kCONS XV.D.14 633-648$oc$qa 995 $aUFFICIO DI BIBLIOTECA DEL DIPARTIMENTO DI GIURISPRUDENZA$gFT$h35543$kCONS XV.D.14 633-648 bis$op$qa 995 $aUFFICIO DI BIBLIOTECA DEL DIPARTIMENTO DI GIURISPRUDENZA$gFTN$h8273$kAFFID studio venditti$op$qa 996 $aDelle disposizioni condizionali, a termine e modali$91401835 997 $aUNICAMPANIA